000 00690nam a22002417a 4500
005 20180620130906.0
008 180620b xxu||||| |||| 00| 0 eng d
010 _aB-161674
020 _a818909389
_c0.00
035 _aB-161674
037 _bBPPD / PUB
040 _adpl
_bEnglish
082 _a483.1
100 _929868
_aGupta, Shabnam
245 _aSynonyms & antonyms /
_cby Shabnam Gupta
260 _aNew Delhi
_bLotus Press
_c2005
270 _a4263/3, Ansari Road, Darya Ganj
_bNew Delhi
_e110002
_mlotus_press@sify.com
300 _aix, 197p.
_c20cm (Hb)
650 _929869
651 _91549
700 _929871
942 _2ddc
_cEN
_mGUP
_h483.1
999 _c152863
_d152863